000 00381nam a2200157Ia 4500
008 210716s2009 xx 000 0 und d
020 _a8131602923
041 _aeng
082 _a158.35 MCLJ
100 _aMcleod, John.
245 _aCounselling skills
250 _a1
260 _aNew Delhi
_bRawat Publications
_c2009
300 _aix,281
650 _aCounseling & Coaching
999 _c207548
_d207548